000
00253nam a2200097Ia 4500
001
1143962
005
20250827010205.0
008
250824s9999 xx 000 0 und d
245
0
_a
MIŞ GİBİ YAŞAMLAR
_c
DOĞAN CÜCELOĞLU
260
_b
REMZİ KİTABEVİ
999
_c
1143962
_d
1143962